000 00493nam a2200193Ia 4500
008 101110s9999 xx 000 0 und d
041 _aENGLISH
082 _bSR13069
100 _aLal B.B.
245 _aElements of Income-tax (Fourth Rev. ed.)
365 _b30
520 _aCommerce
546 _aENGLISH
630 _aElements of Income-tax (Fourth Rev. ed.)
650 _aCommerce
655 _aCommerce
730 _aElements of Income-tax (Fourth Rev. ed.)
942 _cBOOK
999 _c807350
_d807347